<?xml version="1.0" encoding="UTF-8"?><?xml-stylesheet type="text/xsl" href="static/style.xsl"?><OAI-PMH xmlns="http://www.openarchives.org/OAI/2.0/" xmlns:xsi="http://www.w3.org/2001/XMLSchema-instance" xsi:schemaLocation="http://www.openarchives.org/OAI/2.0/ http://www.openarchives.org/OAI/2.0/OAI-PMH.xsd"><responseDate>2026-06-01T14:54:39Z</responseDate><request verb="GetRecord" identifier="oai:riuma.uma.es:10630/32291" metadataPrefix="marc">https://riuma.uma.es/rest/oai/request</request><GetRecord><record><header><identifier>oai:riuma.uma.es:10630/32291</identifier><datestamp>2026-02-03T10:27:05Z</datestamp><setSpec>com_10630_1685</setSpec><setSpec>col_10630_38056</setSpec></header><metadata><record xmlns="http://www.loc.gov/MARC21/slim" xmlns:dcterms="http://purl.org/dc/terms/" xmlns:doc="http://www.lyncode.com/xoai" xmlns:xsi="http://www.w3.org/2001/XMLSchema-instance" xsi:schemaLocation="http://www.loc.gov/MARC21/slim http://www.loc.gov/standards/marcxml/schema/MARC21slim.xsd">
   <leader>00925njm 22002777a 4500</leader>
   <datafield ind2=" " ind1=" " tag="042">
      <subfield code="a">dc</subfield>
   </datafield>
   <datafield ind2=" " ind1=" " tag="720">
      <subfield code="a">Sionakidis, Georgios</subfield>
      <subfield code="e">author</subfield>
   </datafield>
   <datafield ind2=" " ind1=" " tag="260">
      <subfield code="c">2017</subfield>
   </datafield>
   <datafield ind2=" " ind1=" " tag="520">
      <subfield code="a">En los últimos años la fonética experimental ha conseguido clarificar gran parte de las incertidumbres sobre la naturaleza fonética de distintos alófonos del español. No obstante, la región medio y prepalatal todavía produce dudas al estudioso, siendo el estatus de los alófonos del fonema palatal sonoro todavía perceptiblemente oscura. En el presente trabajo hemos realizado un análisis acústico centrado en las realizaciones fonéticas del alófono fricativo palatal sonoro del griego por parte de estudiantes hispanohablantes o catalanohablantes con el objetivo de clarificar el estatus del alófono mediopalatal del español.&#xd;
La ausencia de realizaciones fricativas mediopalatales sonoras parece demostrar la marginalidad de los alófonos fricativos mediopalatales que son sustituidos principalmente por realizaciones aproximantes espirantes y semivocálicas.</subfield>
   </datafield>
   <datafield ind1="8" ind2=" " tag="024">
      <subfield code="a">https://hdl.handle.net/10630/32291</subfield>
   </datafield>
   <datafield tag="653" ind2=" " ind1=" ">
      <subfield code="a">Griego - Estudio y enseñanza - Estudiantes extranjeros</subfield>
   </datafield>
   <datafield tag="653" ind2=" " ind1=" ">
      <subfield code="a">Griego - Fonología comparada - Español</subfield>
   </datafield>
   <datafield tag="653" ind2=" " ind1=" ">
      <subfield code="a">Griego - Palatalización</subfield>
   </datafield>
   <datafield tag="653" ind2=" " ind1=" ">
      <subfield code="a">Griego - Fonología comparada - Catalán</subfield>
   </datafield>
   <datafield ind2="0" ind1="0" tag="245">
      <subfield code="a">Análisis contrastivo de las realizaciones del sonido fricativo mediopalatal del griego por parte de aprendices españoles</subfield>
   </datafield>
</record>
</metadata></record></GetRecord></OAI-PMH>